Ballon d'Or 2015 - Statistiken

Allgemein
  • Dieses Quiz wurde 450 mal gespielt
  • Das Durchschnittsergebnis liegt bei 21 aus 23
Antwortstatistiken
Platz Spieler Verein/e Nation Stimmenanteil % Korrekt
2. Cristiano Ronaldo Real Madrid Portugal 27,76%
100%
1. Lionel Messi FC Barcelona Argentinien 41,33%
100%
4. Robert Lewandowski FC Bayern München Polen 4,17%
100%
3. Neymar FC Barcelona Brasilien 7,86%
99%
5. Luis Suárez FC Barcelona Uruguay 3,38%
98%
11. Zlatan Ibrahimovic Paris Saint-Germain Schweden 1,13%
96%
22. Arjen Robben FC Bayern München Niederlande 0,239%
95%
16. Gareth Bale Real Madrid Wales 0,65%
95%
18. Kevin De Bruyne VfL Wolfsburg/Manchester City Belgien 0,47%
95%
7. Manuel Neuer FC Bayern München Deutschland 1,97%
95%
6. Thomas Müller FC Bayern München Deutschland 2,21%
95%
21. Toni Kroos Real Madrid Deutschland 0,2391%
94%
20. Karim Benzema Real Madrid Frankreich 0,04%
93%
13. Sergio Agüero Manchester City Argentinien 0,86%
93%
9. Andrés Iniesta FC Barcelona Spanien 1,24%
92%
8. Eden Hazard FC Chelsea Belgien 1,33%
92%
17. Arturo Vidal Juventus Turin/FC Bayern München Chile 0,58%
90%
19. James Rodríguez Real Madrid Kolumbien 0,45%
90%
15. Paul Pogba Juventus Turin Frankreich 0,72%
89%
23. Ivan Rakitic FC Barcelona Kroatien 0,05%
88%
10. Alexis Sánchez FC Arsenal Chile 1,18%
87%
12. Yaya Touré Manchester City Elfenbeinküste 0,89%
85%
14. Javier Mascherano FC Barcelona Argentinien 0,79%
80%
Keine übereinstimmenden Quizze gefunden
Verteilung der Resultate
Anzahl Personen mit jedem Resultat
Perzentil nach korrekt beantworteten Fragen
Ihre Resultats-Entwicklung
Sie haben dieses Quiz noch nicht gespielt